| 000 | 00408nam a2200157Ia 4500 | ||
|---|---|---|---|
| 008 | 230718s9999 xx 000 0 und d | ||
| 041 | _aeng | ||
| 082 |
_a321.82 _bCAR |
||
| 100 |
_aCarnegie D. _9106261 |
||
| 245 | _aQuick And Easy Way To Effective Speaking | ||
| 260 |
_c1997 _bCedar |
||
| 300 | _a272 | ||
| 365 |
_cRs. _b144.00 |
||
| 700 |
_aCarnegie D. _9106261 |
||
| 906 |
_dB:416505-May-2000 _cOTH _b21.6 |
||
| 999 |
_c300303 _d300303 |
||